000 00734nam a22002897a 4500
005 20251107185127.0
008 160119b2012 xxu||||| |||| 00| 0 spa d
020 _a9789968319157
041 _aESP
082 _a510.246.58 A779m
100 _aArroyo Bolaños, Elenilzon
_91466
100 _aVindas Acuña, Luis Ángel
_91467
245 _aMatemáticas para administradores II
260 _aCosta Rica
260 _bEUNED
260 _c2012
300 _a426 páginas
490 _aDirección y Administración de Empresas
650 _aMATEMÁTICAS
650 _aADMINISTRACIÓN
650 _aLÍMITES
650 _aDERIVADAS
650 _aCÁLCULO
650 _aINTEGRALES
942 _cBK
_2ddc
999 _c7421
_d7421